All Country Flags of the World Ultimate - Statistics

General Stats
  • This quiz has been taken 54 times
    8 since last reset
  • The average score is 44 of 355
Answer Stats
Picture Answer % Correct
Abkhazia
80%
Aceh
40%
Adygea
40%
Afghanistan
40%
Alabama
40%
Åland
40%
Alaska
40%
Albania
40%
Algeria
40%
Altai Republic
40%
American Samoa
40%
Andorra
40%
Angola
40%
Anguilla
40%
Antigua and Barbuda
40%
Argentina
40%
Arizona
40%
Arkansas
40%
Armenia
40%
Aruba
40%
Australia
40%
Austria
40%
Azerbaijan
40%
Bahamas
40%
Bahrain
40%
Balearic Islands
40%
Bali
40%
Bangladesh
40%
Barbados
40%
Basque Country
40%
Bavaria
40%
Belarus
40%
Belgium
40%
Belize
40%
Benin
40%
Bermuda
40%
Bhutan
40%
Bolivia
40%
Bonaire
40%
Bosnia & Herzegovina
40%
Botswana
40%
Brazil
40%
British Antarctic Territory
40%
British Virgin Islands
40%
Brittany
40%
Brunei
40%
Bulgaria
40%
Burkina Faso
40%
Burundi
40%
California
40%
Cambodia
40%
Cameroon
40%
Canada
40%
Canary Islands
40%
Cape Verde
40%
Catalonia
40%
Equatorial Guinea
40%
Florida
40%
French Guiana
40%
Guinea
40%
United States
40%
Adjara
20%
Afar
20%
Alderney
20%
Amhara
20%
Andalusia
20%
Aragon
20%
Artsakh
20%
Ascension Island
20%
Asturias
20%
Bashkortostan
20%
Buryatia
20%
Cantabria
20%
Castile and León
20%
Castilla–La Mancha
20%
Cayman Islands
20%
Central African Republic
20%
Chad
20%
Chechnya
20%
Chile
20%
China
20%
Christmas Island
20%
Chuvashia
20%
Cocos (Keeling) Islands
20%
Colombia
20%
Colorado
20%
Comoros
20%
Connecticut
20%
Cook Islands
20%
Cornwall
20%
Corsica
20%
Costa Rica
20%
Crimea
20%
Croatia
20%
Cuba
20%
Curaçao
20%
Cyprus
20%
Czech Republic
20%
Dagestan
20%
Darfur
20%
Delaware
20%
Denmark
20%
Djibouti
20%
Dominica
20%
Dominican Republic
20%
Donetsk People's Republic
20%
D.R. Congo
20%
East Timor
20%
East Turkestan
20%
Ecuador
20%
Egypt
20%
El Salvador
20%
England
20%
Eritrea
20%
Estonia
20%
Eswatini
20%
Ethiopia
20%
Extremadura
20%
Falkland Islands
20%
Faroe Islands
20%
Fiji
20%
Finland
20%
Flanders
20%
France
20%
French Polynesia
20%
French Southern and Antarctic Lands
20%
F.S. of Micronesia
20%
Gabon
20%
Gagauzia
20%
Galicia
20%
Galmudug
20%
Gambia
20%
Georgia
20%
Georgia
20%
Germany
20%
Ghana
20%
Gibraltar
20%
Greece
20%
Greenland
20%
Grenada
20%
Guadeloupe
20%
Guam
20%
Guangxi
20%
Guatemala
20%
Guernsey
20%
Guinea-Bissau
20%
Guyana
20%
Haiti
20%
Hawaii
20%
Herm
20%
Northern Ireland
20%
Rep. of the Congo
20%
Samoa
20%
United Kingdom
20%
United States Virgin Islands
20%
Hirshabelle
0%
Honduras
0%
Hong Kong
0%
Hungary
0%
Iceland
0%
Idaho
0%
Illinois
0%
India
0%
Indiana
0%
Indonesia
0%
Ingushetia
0%
Inner Mongolia
0%
Iowa
0%
Iran
0%
Iraq
0%
Ireland
0%
Isle of Man
0%
Israel
0%
Italy
0%
Ivory Coast
0%
Jamaica
0%
Japan
0%
Jersey
0%
Jordan
0%
Jubaland
0%
Kabardino-Balkaria
0%
Kalmykia
0%
Kansas
0%
Karachay-Cherkessia
0%
Karelia
0%
Kashmir
0%
Kazakhstan
0%
Kentucky
0%
Kenya
0%
Khakassia
0%
Khatumo State
0%
Kiribati
0%
Komi
0%
Kosovo
0%
Kurdistan
0%
Kuwait
0%
Kyrgyzstan
0%
Laos
0%
La Rioja
0%
Latvia
0%
Lebanon
0%
Lesotho
0%
Liberia
0%
Libya
0%
Liechtenstein
0%
Lithuania
0%
Louisiana
0%
Luhansk People's Republic
0%
Luxembourg
0%
Macau
0%
Madagascar
0%
Maine
0%
Malawi
0%
Malaysia
0%
Maldives
0%
Mali
0%
Malta
0%
Mari El
0%
Marshall Islands
0%
Martinique
0%
Mauritania
0%
Mauritius
0%
Mayotte
0%
Mexico
0%
Moldova
0%
Monaco
0%
Mongolia
0%
Montenegro
0%
Montserrat
0%
Mordovia
0%
Morocco
0%
Mozambique
0%
Murcia
0%
Myanmar
0%
Namibia
0%
Nauru
0%
Navarre
0%
Nepal
0%
Netherlands
0%
New Caledonia
0%
New Zealand
0%
Nicaragua
0%
Niger
0%
Nigeria
0%
Ningxia
0%
Niue
0%
Norfolk Island
0%
North East State
0%
Northern Cyprus
0%
Northern Mariana Islands
0%
North Korea
0%
North Macedonia
0%
North Ossetia-Alania
0%
Norway
0%
Oman
0%
Orkney
0%
Pakistan
0%
Palau
0%
Palestine
0%
Panama
0%
Papua New Guinea
0%
Paraguay
0%
Peru
0%
Philippines
0%
Pitcairn Islands
0%
Poland
0%
Portugal
0%
Puerto Rico
0%
Puntland
0%
Qatar
0%
Quebec
0%
Réunion
0%
Romania
0%
Russia
0%
Rwanda
0%
Saba
0%
Sabah
0%
Saint Barthélemy
0%
Saint Helena
0%
Saint Martin
0%
Saint Pierre and Miquelon
0%
Sakha
0%
San Marino
0%
Sao Tome & Principe
0%
Sarawak
0%
Sardinia
0%
Sark
0%
Saudi Arabia
0%
Scotland
0%
Senegal
0%
Serbia
0%
Seychelles
0%
Shetland
0%
Sicily
0%
Sierra Leone
0%
Singapore
0%
Sint Eustatius
0%
Sint Maarten
0%
Slovakia
0%
Slovenia
0%
Solomon Islands
0%
Somalia
0%
Somaliland
0%
South Africa
0%
South Georgia and the South Sandwich Islands
0%
South Korea
0%
South Ossetia
0%
South Sudan
0%
South West
0%
Spain
0%
Sri Lanka
0%
St. Kitts & Nevis
0%
St. Lucia
0%
St. Vincent and the Grenadines
0%
Sudan
0%
Suriname
0%
Sweden
0%
Switzerland
0%
Syria
0%
Taiwan
0%
Tajikistan
0%
Tanzania
0%
Tatarstan
0%
Thailand
0%
Tibet
0%
Togo
0%
Tokelau
0%
Tonga
0%
Transnistria
0%
Trinidad & Tobago
0%
Tristan da Cunha
0%
Tunisia
0%
Turkey
0%
Turkmenistan
0%
Turks and Caicos Islands
0%
Tuva
0%
Tuvalu
0%
Udmurtia
0%
Uganda
0%
Ukraine
0%
United Arab Emirates
0%
Uruguay
0%
Uzbekistan
0%
Valencia
0%
Vanuatu
0%
Vatican City
0%
Venezuela
0%
Vietnam
0%
Wales
0%
Wallis and Futuna
0%
Wallonia
0%
Western Sahara
0%
Yemen
0%
Zambia
0%
Zimbabwe
0%
No matching quizzes found
Score Distribution
Percent of People with Each Score
Percentile by Number Answered
Your Score History
You have not taken this quiz since the last reset